[Event "Mediterranean op 7th"]
[Site "Rijeka"]
[Date "2014.11.13"]
[Round "7"]
[White "Haidinger, Erik"]
[Black "Rakita, Risto"]
[Result "1-0"]
[WhiteElo "1379"]
[BlackElo "1580"]
[PlyCount "109"]
[EventDate "2014.11.08"]
[EventType "swiss"]
[EventRounds "9"]
[EventCountry "CRO"]
[SourceTitle "CBM 163 Extra"]
[Source "ChessBase"]
[SourceDate "2014.12.23"]
[SourceVersion "1"]
[SourceVersionDate "2014.12.23"]
[SourceQuality "1"]

1. e4 e5 2. Nf3 Nc6 3. Bc4 Bc5 4. d3 Nf6 5. 0-0 a6 6. c3 d5 7. exd5 Nxd5 8. Re1 f6 9. d4 Ba7 10. dxe5 Nde7 11. Qxd8+ Nxd8 12. exf6 gxf6 13. Be3 Bxe3 14. Rxe3 Kf8 15. Nbd2 b5 16. Bb3 Nf5 17. Re2 Kg7 18. Bc2 Nd6 19. Re7+ N8f7 20. Rxc7 Be6 21. Re1 Rhe8 22. b3 Rac8 23. Rxc8 Bxc8 24. Rxe8 Nxe8 25. Nd4 Nfd6 26. Ne4 Nf5 27. Nxf5+ Bxf5 28. f3 Nc7 29. g4 Bg6 30. Kf2 Nd5 31. c4 bxc4 32. bxc4 Nb4 33. Bb3 f5 34. gxf5 Bxf5 35. a3 Nc6 36. Ke3 Na5 37. Ba2 Bxe4 38. fxe4 Kf6 39. Kd4 Nc6+ 40. Kd5 Nb8 41. e5+ Ke7 42. c5 Kd7 43. e6+ Kc7 44. Bb3 Nc6 45. Ba4 Ne7+ 46. Ke5 Kd8 47. Kd6 h5 48. c6 Nf5+ 49. Ke5 Ne7 50. Kf6 Nd5+ 51. Kf7 a5 52. Bb3 Nc7 53. e7+ Kc8 54. e8Q+ Nxe8 55. Kxe8 1-0

[Event "Mediterranean op 7th"]
[Site "Rijeka"]
[Date "2014.11.11"]
[Round "5"]
[White "Vujic, Agata"]
[Black "Rakita, Risto"]
[Result "1-0"]
[WhiteElo "1570"]
[BlackElo "1580"]
[PlyCount "55"]
[EventDate "2014.11.08"]
[EventType "swiss"]
[EventRounds "9"]
[EventCountry "CRO"]
[SourceTitle "CBM 163 Extra"]
[Source "ChessBase"]
[SourceDate "2014.12.23"]
[SourceVersion "1"]
[SourceVersionDate "2014.12.23"]
[SourceQuality "1"]

1. e4 e5 2. Nf3 Nc6 3. Bc4 Bc5 4. c3 Nf6 5. d3 d5 6. exd5 Nxd5 7. 0-0 0-0 8. Re1 f6 9. b4 Bb6 10. a4 a5 11. b5 Nce7 12. Ba3 c6 13. d4 Kh8 14. dxe5 fxe5 15. Rxe5 Rf5 16. Nbd2 Nxc3 17. Bxe7 Nxd1 18. Bxd8 Rxe5 19. Nxe5 h5 20. Bxb6 Nb2 21. bxc6 bxc6 22. Nxc6 Nxc4 23. Nxc4 Bf5 24. h3 Bc2 25. N6xa5 Re8 26. Nc6 Rc8 27. N6e5 Bb3 28. Nd6 1-0

[Event "Mediterranean op 6th"]
[Site "Rijeka"]
[Date "2013.12.03"]
[Round "5"]
[White "Batory, Drazen"]
[Black "Rakita, Risto"]
[Result "1/2-1/2"]
[WhiteElo "1600"]
[BlackElo "1597"]
[PlyCount "94"]
[EventDate "2013.11.30"]
[EventType "swiss"]
[EventRounds "9"]
[EventCountry "CRO"]
[SourceTitle "CBM 157 Extra"]
[Source "ChessBase"]
[SourceDate "2013.12.19"]
[SourceVersion "1"]
[SourceVersionDate "2013.12.19"]
[SourceQuality "1"]

1. e4 e5 2. Nf3 Nf6 3. Nxe5 d6 4. Nf3 Nxe4 5. d4 d5 6. Bd3 Bd6 7. 0-0 0-0 8. Be3 Bg4 9. c4 c6 10. Nbd2 f5 11. Nb3 f4 12. Bc1 Nd7 13. c5 Bc7 14. Nbd2 Ndf6 15. Qc2 Re8 16. h3 Bh5 17. Nh2 Nxd2 18. Bxd2 Be2 19. Rfe1 Bxd3 20. Qxd3 Qd7 21. Nf3 Ne4 22. b4 Re7 23. Re2 Rae8 24. Rae1 Nxd2 25. Qxd2 Rxe2 26. Rxe2 Re4 27. Ng5 Rxe2 28. Qxe2 Bd8 29. Qe6+ Qxe6 30. Nxe6 Bf6 31. Kf1 Kf7 32. Nxf4 Bxd4 33. Nd3 Ke6 34. g4 Bc3 35. f4 g6 36. Ke2 a5 37. a3 axb4 38. axb4 Bg7 39. h4 d4 40. Nf2 Bf6 41. g5 Bg7 42. Kd3 Kd7 43. Ne4 Kc7 44. Nf6 Bh8 45. Kxd4 b6 46. Ke4 bxc5 47. bxc5 h6 1/2-1/2

[Event "Mediterranean op 6th"]
[Site "Rijeka"]
[Date "2013.11.30"]
[Round "1"]
[White "Rakita, Risto"]
[Black "Klasan, Elvis"]
[Result "0-1"]
[WhiteElo "1597"]
[BlackElo "2011"]
[PlyCount "86"]
[EventDate "2013.11.30"]
[EventType "swiss"]
[EventRounds "9"]
[EventCountry "CRO"]
[SourceTitle "CBM 157 Extra"]
[Source "ChessBase"]
[SourceDate "2013.12.19"]
[SourceVersion "1"]
[SourceVersionDate "2013.12.19"]
[SourceQuality "1"]

1. e4 c5 2. Nc3 Nc6 3. a3 g6 4. Nf3 Bg7 5. Bc4 d6 6. h3 Nf6 7. 0-0 0-0 8. Re1 e5 9. Nd5 Nxd5 10. Bxd5 Be6 11. Bxe6 fxe6 12. d3 Nd4 13. Nxd4 exd4 14. Qg4 Qf6 15. f3 h6 16. Bd2 g5 17. Rf1 e5 18. g3 Rae8 19. f4 exf4 20. gxf4 gxf4 21. Bxf4 Qe6 22. Qg3 Rf6 23. Kh2 Rg6 24. Qf3 Rf8 25. Qh5 Rgf6 26. Qh4 Rxf4 27. Rxf4 Rxf4 28. Qg3 Qe5 29. Kg2 Qg5 30. Qxg5 hxg5 31. b4 Kf7 32. Rb1 b6 33. a4 c4 34. b5 Ke6 35. a5 d5 36. Ra1 dxe4 37. axb6 axb6 38. Ra6 cxd3 39. Rxb6+ Kd5 40. cxd3 exd3 41. Ra6 Be5 42. b6 d2 43. Ra1 Kc4 0-1

[Event "Rijeka Paris Memorial op"]
[Site "Rijeka"]
[Date "2010.12.10"]
[Round "1"]
[White "Rakita, Risto"]
[Black "Plenca, Julian"]
[Result "0-1"]
[WhiteElo "1746"]
[BlackElo "2302"]
[PlyCount "94"]
[EventDate "2010.12.10"]
[EventType "swiss"]
[EventRounds "9"]
[EventCountry "CRO"]
[SourceTitle "CBM 140 Extra"]
[Source "ChessBase"]
[SourceDate "2011.03.01"]
[SourceVersion "1"]
[SourceVersionDate "2011.03.01"]
[SourceQuality "1"]

1. e4 c5 2. Nc3 d6 3. Nf3 g6 4. Bc4 Bg7 5. Nd5 Nc6 6. c3 Bg4 7. Ne3 Bxf3 8. Qxf3 e6 9. 0-0 Nge7 10. Bb5 0-0 11. d3 Ne5 12. Qe2 a6 13. Ba4 b5 14. Bc2 N5c6 15. Rb1 b4 16. Bd2 Rb8 17. cxb4 cxb4 18. Nc4 Nd4 19. Qd1 Nec6 20. b3 d5 21. exd5 exd5 22. Ne3 Qd6 23. Kh1 Rbc8 24. Rc1 Rfe8 25. Bb1 Nb5 26. Qf3 Bc3 27. Rfd1 Rcd8 28. Ng4 f5 29. Nh6+ Kg7 30. Bg5 Bf6 31. h4 Bxg5 32. hxg5 Ncd4 33. Qh3 Ne6 34. Nxf5+ gxf5 35. Qh6+ Kg8 36. d4 Ng7 37. Qh3 Nc3 38. Rd3 Nxb1 39. Rxb1 Re4 40. f3 Re2 41. Ra1 Rde8 42. Rdd1 Qf4 43. Rf1 Qxg5 44. f4 Qh5 45. Qxh5 Nxh5 46. Rf3 R2e3 47. Raf1 Ng3+ 0-1

[Event "Mediterranean op-B 4th"]
[Site "Rijeka"]
[Date "2010.11.13"]
[Round "1"]
[White "Rakita, Risto"]
[Black "Orenda, Omar"]
[Result "0-1"]
[WhiteElo "1746"]
[BlackElo "2157"]
[PlyCount "44"]
[EventDate "2010.11.13"]
[EventType "swiss"]
[EventRounds "9"]
[EventCountry "CRO"]
[SourceTitle "EXT 2011"]
[Source "ChessBase"]
[SourceDate "2010.11.26"]
[SourceVersion "1"]
[SourceVersionDate "2010.11.26"]
[SourceQuality "1"]

1. e4 c5 2. Nf3 Nf6 3. Nc3 Nc6 4. a3 d5 5. exd5 Nxd5 6. Ne4 e5 7. Bc4 Bg4 8. c3 f5 9. Ng3 e4 10. h3 exf3 11. hxg4 fxg2 12. Rg1 f4 13. Ne4 Nb6 14. Bb5 Qd5 15. Qf3 0-0-0 16. Bxc6 Qxc6 17. Qxf4 Bd6 18. Nxd6+ Rxd6 19. f3 Rf6 20. Qg3 Rxf3 21. Qxg2 Re8+ 22. Kd1 Qa4+ 0-1

[Event "EU-ch 11th"]
[Site "Rijeka"]
[Date "2010.03.12"]
[Round "7"]
[White "Jokic, Miljenko"]
[Black "Rakita, Risto"]
[Result "1-0"]
[WhiteElo "1949"]
[BlackElo "1746"]
[PlyCount "71"]
[EventDate "2010.03.06"]
[EventType "swiss"]
[EventRounds "11"]
[EventCountry "CRO"]
[SourceTitle "CBM 136"]
[Source "ChessBase"]
[SourceDate "2010.05.18"]
[SourceVersion "1"]
[SourceVersionDate "2010.05.18"]
[SourceQuality "1"]

1. e4 e5 2. Nf3 Nc6 3. Bc4 Bc5 4. c3 Nf6 5. b4 Be7 6. d3 a6 7. Qb3 0-0 8. a4 d6 9. Bb2 h6 10. 0-0 Bd7 11. Nbd2 Na7 12. b5 axb5 13. axb5 b6 14. Ra2 Qb8 15. Rfa1 Qb7 16. d4 c6 17. dxe5 Nxe4 18. Nxe4 d5 19. Bd3 c5 20. Ned2 c4 21. Nxc4 dxc4 22. Bxc4 Nxb5 23. Rxa8 Rxa8 24. Rxa8+ Qxa8 25. Bxb5 Qe4 26. Bf1 Bc5 27. Qd1 Bf5 28. c4 g5 29. Qd8+ Kh7 30. e6 Qxe6 31. Qh8+ Kg6 32. Ne5+ Kh5 33. Be2+ g4 34. h3 Kh4 35. g3+ Kh5 36. hxg4+ 1-0

[Event "EU-ch 11th"]
[Site "Rijeka"]
[Date "2010.03.11"]
[Round "6"]
[White "Dubrovic, Rafael"]
[Black "Rakita, Risto"]
[Result "0-1"]
[WhiteElo "1577"]
[BlackElo "1746"]
[PlyCount "92"]
[EventDate "2010.03.06"]
[EventType "swiss"]
[EventRounds "11"]
[EventCountry "CRO"]
[SourceTitle "CBM 136"]
[Source "ChessBase"]
[SourceDate "2010.05.18"]
[SourceVersion "1"]
[SourceVersionDate "2010.05.18"]
[SourceQuality "1"]

1. e4 e5 2. d4 exd4 3. Qxd4 Nc6 4. Qe3 Nf6 5. Nc3 Ne5 6. h3 b6 7. Bd2 c6 8. 0-0-0 Qc7 9. f4 Ng6 10. Bd3 Bc5 11. Qg3 Bb7 12. Nf3 Nh5 13. Qg5 Nhxf4 14. Bc4 f6 15. Qf5 0-0-0 16. g3 Ng2 17. Qg4 Be3 18. Ne1 Bxd2+ 19. Rxd2 Ne3 20. Qe2 Nxc4 21. Qxc4 Qxg3 22. Nb5 Kb8 23. Nd6 Ne5 24. Qd4 c5 25. Qa4 Rhf8 26. b3 Qc3 27. Kd1 a6 28. Nd3 Nxd3 29. Rxd3 Qa1+ 30. Kd2 Qxh1 31. Nxb7 Qh2+ 32. Kc1 Kxb7 33. e5 Qxe5 34. Rxd7+ Rxd7 35. Qxd7+ Qc7 36. Qg4 g5 37. Qe4+ Qc6 38. Qxh7+ Qc7 39. Qe4+ Ka7 40. Kb1 Rd8 41. Qf3 Qe5 42. Qh5 Rd7 43. a4 Qf5 44. Qe8 Rd1+ 45. Kb2 Qe5+ 46. Qxe5 fxe5 0-1

[Event "EU-ch 11th"]
[Site "Rijeka"]
[Date "2010.03.09"]
[Round "4"]
[White "Rakita, Risto"]
[Black "Di Lazzaro, Gabriele"]
[Result "0-1"]
[WhiteElo "1746"]
[BlackElo "1898"]
[PlyCount "110"]
[EventDate "2010.03.06"]
[EventType "swiss"]
[EventRounds "11"]
[EventCountry "CRO"]
[SourceTitle "CBM 136"]
[Source "ChessBase"]
[SourceDate "2010.05.18"]
[SourceVersion "1"]
[SourceVersionDate "2010.05.18"]
[SourceQuality "1"]

1. e4 Nc6 2. Nf3 d6 3. Nc3 Bg4 4. Bc4 e6 5. a3 Nd4 6. h3 Bxf3 7. gxf3 Qf6 8. Be2 Ne7 9. d3 Nec6 10. Be3 g6 11. Rg1 h6 12. f4 0-0-0 13. Qd2 Bg7 14. Nd1 Kb8 15. Nc3 Qe7 16. Rb1 Rdg8 17. b4 Nxe2 18. Nxe2 e5 19. b5 Nd4 20. Bxd4 exd4 21. Rh1 f5 22. exf5 gxf5 23. Kf1 Bf6 24. Re1 Qd7 25. a4 Rg6 26. Rg1 Rhg8 27. Rxg6 Rxg6 28. Ng3 Rg8 29. Qe2 Kc8 30. Qe6 Rf8 31. Nxf5 Qxe6 32. Rxe6 Kd7 33. Re2 Bd8 34. Nxd4 Rxf4 35. Re4 Rf7 36. Ke2 c6 37. c4 Bb6 38. Nf3 Rf5 39. d4 a6 40. Nh4 Rh5 41. Rg4 axb5 42. axb5 cxb5 43. cxb5 Rxb5 44. Nf3 Rh5 45. h4 Bd8 46. Kd3 b5 47. Kc3 Rf5 48. Nd2 Ba5+ 49. Kd3 Bxd2 50. Kxd2 Rxf2+ 51. Kc3 Rf5 52. Kb4 Kc6 53. Kc3 h5 54. Rg5 Rxg5 55. hxg5 Kd7 0-1